Dilapidations the modern law and practice (Record no. 107793)

MARC details
000 -LEADER
fixed length control field 03245cam a22003855a 4500
001 - CONTROL NUMBER
control field L141913
008 - FIXED-LENGTH DATA ELEMENTS--GENERAL INFORMATION
fixed length control field 080115s2008 xxk f 000 0 eng d
020 ## - INTERNATIONAL STANDARD BOOK NUMBER
International Standard Book Number 9780421921504
035 ## - SYSTEM CONTROL NUMBER
System control number (Sirsi) u141913
041 0# - LANGUAGE CODE
Language code of text/sound track or separate title eng
050 04 - LIBRARY OF CONGRESS CALL NUMBER
Classification number 346.410434 $2 18
100 1# - MAIN ENTRY--PERSONAL NAME
Personal name Dowding, Nicholas
245 00 - TITLE STATEMENT
Title Dilapidations the modern law and practice
Remainder of title first supplement to the third edition
260 ## - PUBLICATION, DISTRIBUTION, ETC.
Place of publication, distribution, etc. London
Name of publisher, distributor, etc. Sweet & Maxwell
Date of publication, distribution, etc. 2008
300 ## - PHYSICAL DESCRIPTION
Extent xiii, 68p.
Dimensions 24cm.
350 ## - PRICE (NR) (BK AM CF MU VM SE) [OBSOLETE]
Price 67
505 2# - FORMATTED CONTENTS NOTE
Formatted contents note The existence of the obligation -- Who can sue and be sued -- The construction of repairing and other covenants imposing liability for dilapidations -- The first question: what is the subject matter of the covenant? -- The second question: is the subject matter of the covenant in a damaged or deteriorated condition? -- The third question: is the nature of the damage such as to bring the condition of the subject-matter below the standard contemplated by the repairing covenant?
505 2# - FORMATTED CONTENTS NOTE
Formatted contents note The fourth question: what work is necessary in order to put the subject-matter of the covenant back into the contemplated condition? -- The fifth question: is that work nonetheless of such a nature that the parties did not contemplate it would be the liability of the covenanting party? -- The application of the repairing covenant in relation to commonly encountered defects -- Destruction of the subject matter -- The landlord's implied obligations towards the tenant at common law -- The landlord's implied obligations towards the tenant under statute
505 2# - FORMATTED CONTENTS NOTE
Formatted contents note Considerations affecting the preformance of the landlord's obligations to repair -- Fixtures -- Forfeiture -- Other remedies during the term -- Damages at the end of the term (1): claims to which section 18(1) of the Landlord and Tenant Act 1927 applies -- Damages at the end of the term (2): claims to which section 18(1) of the Landlord and Tenant Act 1927 does not apply -- The tenant's remedies for breach of contract on the part of the landlord -- The recovery of fees and costs -- Dilapidations questions arising in related fields -- Dilapidations claims in practice -- Dilapidations claims under the Civil Procedure rules -- Appendices
520 ## - SUMMARY, ETC.
Summary, etc. Updates the main work (L127972), reflecting changes in law and practice. Includes discussion of a number of new cases and updated appendices that now contain the complete text of the new pre-action protocol for claims for damages in relation to the physical state of commercial property at the end of a lease, published by the Property Litigation Association.
521 ## - TARGET AUDIENCE NOTE
Target audience note Advanced
650 24 - SUBJECT ADDED ENTRY--TOPICAL TERM
Topical term or geographic name entry element LANDLORD AND TENANT ACT 1927
650 24 - SUBJECT ADDED ENTRY--TOPICAL TERM
Topical term or geographic name entry element RIVERSIDE PROPERTY INVESTMENTS V BLACKHAWK AUTOMOTIVE
650 24 - SUBJECT ADDED ENTRY--TOPICAL TERM
Topical term or geographic name entry element MARLBOROUGH PARK SERVICES V REEVE
650 24 - SUBJECT ADDED ENTRY--TOPICAL TERM
Topical term or geographic name entry element REGER INTERNATIONAL V TIREE
650 24 - SUBJECT ADDED ENTRY--TOPICAL TERM
Topical term or geographic name entry element LATIMER V CARNEY
650 24 - SUBJECT ADDED ENTRY--TOPICAL TERM
Topical term or geographic name entry element PRINCES HOUSE V DISTINCTIVE CLUBS
650 24 - SUBJECT ADDED ENTRY--TOPICAL TERM
Topical term or geographic name entry element EARLE V CHARALAMBOUS
650 24 - SUBJECT ADDED ENTRY--TOPICAL TERM
Topical term or geographic name entry element FITZROY HOUSE EPWORTH STREET (NO.1) LTD AND ANOTHER V FINANCIAL TIMES
650 24 - SUBJECT ADDED ENTRY--TOPICAL TERM
Topical term or geographic name entry element CARMEL SOUTHEND LTD V STRACHAN AND HENSHAW LTD
650 24 - SUBJECT ADDED ENTRY--TOPICAL TERM
Topical term or geographic name entry element LYNDENDOWN V VITAMOL
690 ## - LOCAL SUBJECT ADDED ENTRY--TOPICAL TERM (OCLC, RLIN)
Topical term or geographic name as entry element PROPERTY-LEASEHOLD PROPERTY-LANDLORD AND TENANT-DILAPIDATIONS
700 1# - ADDED ENTRY--PERSONAL NAME
Personal name Reynolds, Kirk
942 ## - ADDED ENTRY ELEMENTS (KOHA)
Suppress in OPAC 0

No items available.